000 00748nam a2200181Ia 4500
999 _c45103
_d45103
003 GCL
005 20240530104148.0
008 140319s9999 xx 000 0 ara d
040 _aGCL /
_cGCL
082 0 4 _a251.14
_bع ا
100 1 _aالغزالى : حجة الاسلام ابو حامد محمد بن محمد بن محمد بن احمد الطوسى
245 1 0 _aاساس القياس /
_cالغزالى : حجة الاسلام ابو حامد محمد بن محمد بن محمد بن احمد الطوسى ؛ الفهد بن محمد السرحان (تهزيب)
300 _a155 ص
650 0 4 _aالقياس
650 0 4 _aالفقه الاسلامى
700 1 _aفهد بن محمد السرحان (تهزيب)
942 _2ddc
_cBK